000 00397nam a2200157Ia 4500
003 Ost
005 20260225132554.0
008 260225s9999||||xx |||||||||||||| ||und||
040 _cfsic
041 _afre
082 _a440
100 _aLe Bohec Jacques
_eAuteur
245 0 _aElection et télévision :
245 0 _bla télévision fait-elle l'élection /
_cLe Bohec Jacques
942 _cكتاب
999 _c34335
_d34335